Technické a ekonomické zhodnotenie investičného projektu vo vybranom podniku bakalárska práca

Uložené v:
Podrobná bibliografia
Hlavný autor: Sabolová, Ida
Korporativný autor: Podnikovohospodárska fakulta EU so sídlom v Košiciach. Katedra hospodárskej informatiky a matematiky
Ďalší autori: Tkáč, Michal, 1958-
Médium: Kniha
Jazyk:Slovak
Vydavateľské údaje: Košice 2011
Tagy: Pridať tag
Žiadne tagy, Buďte prvý, kto otaguje tento záznam!

MARC

LEADER 00000nbm a2200000 4500
001 0139484
005 20161109111624.7
041 0 |a slo 
044 |a SK 
245 1 0 |a Technické a ekonomické zhodnotenie investičného projektu vo vybranom podniku  |b bakalárska práca  |c Ida Sabolová ; školiteľ: Michal Tkáč 
264 1 |a Košice  |c 2011 
300 |a 57 s. 
100 1 |a Sabolová, Ida 
700 1 |a Tkáč, Michal, 1958- 
710 2 |a Podnikovohospodárska fakulta EU so sídlom v Košiciach. Katedra hospodárskej informatiky a matematiky